LEADER 01117nam0-22003251i-450 001 990001883430403321 005 20191122131330.0 035 $a000188343 035 $aFED01000188343 035 $a(Aleph)000188343FED01 035 $a000188343 100 $a20030910d2000----km-y0itay50------ba 101 0 $aita 200 1 $aRelazioni vicariali del 1775$ecalendario delle feste infrasettimanali nelle parrocchie bresciane alla fine del XVIII secolo$fAttilio Mazza 210 $aBrescia$cAteneo di Scienze Lettere ed Arti$d2000 215 $a243 p.$d24 cm 225 1 $aMonumenta Brixiæ historica$iFontes$v16 300 $aSuppl. a: Commentari dell'Ateneo di Brescia, 2000 610 0 $aCalendari religiosi$aBrescia $a1775 610 0 $aFeste religiose$aBrescia $a1775 676 $a291.36$v21$zita 676 $a263.98$v21$zita 700 1$aMazza,$bAttilio$036564 801 0$aIT$bUNINA$gRICA$2UNIMARC 901 $aBK 912 $a990001883430403321 952 $a60 291 MAZA 2000$b8868$fFAGBC 959 $aFAGBC 996 $aRelazioni vicariali del 1775$9403621 997 $aUNINA LEADER 03265nam 22006014a 450 001 9910450557703321 005 20200520144314.0 010 $a1-280-46702-9 010 $a9786610467020 010 $a1-4237-1414-8 010 $a90-474-0176-X 035 $a(CKB)1000000000033005 035 $a(EBL)253628 035 $a(OCoLC)191933561 035 $a(SSID)ssj0000178300 035 $a(PQKBManifestationID)11922964 035 $a(PQKBTitleCode)TC0000178300 035 $a(PQKBWorkID)10221212 035 $a(PQKB)10856792 035 $a(MiAaPQ)EBC253628 035 $a(Au-PeEL)EBL253628 035 $a(CaPaEBR)ebr10089762 035 $a(CaONFJC)MIL46702 035 $a(EXLCZ)991000000000033005 100 $a20030502d2003 uy 0 101 0 $aeng 135 $aurcn||||||||| 181 $ctxt 182 $cc 183 $acr 200 10$aIndian Ocean migrants and state formation in Hadhramaut$b[electronic resource] $ereforming the homeland /$fby Ulrike Freitag 210 $aLeiden, Netherlands$aBoston, Mass. $cBrill$dc2003 215 $a1 online resource (613 p.) 225 1 $aSocial, economic, and political studies of the Middle East and Asia ;$vv. 87 300 $aDescription based upon print version of record. 311 $a90-04-12850-6 320 $aIncludes bibliographical references (p. [537]-563) and index. 327 $aContents; List of Maps, Tables, Figures and Photographs; Acknowledgements; List of Abbreviations; Note on Transliteration and Terminology; Introduction; CHAPTER ONE: The setting: Hadhramaut and the diaspora in the 19th century; CHAPTER TWO: Scholars, mystics and merchants: reformers and politicians in early and mid-19th century Wadi Hadhramaut; CHAPTER THREE: Sultans, notables and dawla: approaches to state building in Kathi?ri? and Qu'ayti? lands (1840's-1920's); CHAPTER FOUR: Hadhrami migrants and reform in the Muslim world (c. 1860s-1920s) 327 $aCHAPTER FIVE: The Hadhrami 'renaissance' in South East Asia (1880's-1930's)CHAPTER SIX: Social criticism and reform in Hadhramaut, 1880's-mid 1930's; CHAPTER SEVEN: The al-KA?f road to Ingrams' peace: political developments in Hadhramaut, 1918-1937; CHAPTER EIGHT: Contested reform: development in Hadhramaut under British tutelage, 1937-1960s; CHAPTER NINE: The emergence of new elites and the demise of empire; Annexes; Bibliography; Index 330 $aBased on Hadhrami and British sources, as well as on fieldwork in Yemen and Indonesia, this text traces the ways in which members of the diaspora and travelers interacted with the homeland through their remittances, political initiatives and the introduction of new ideas and institutions. 410 0$aSocial, economic, and political studies of the Middle East and Asia ;$vv. 87. 607 $aH?ad?ramawt (Yemen : Province)$xEmigration and immigration$xHistory 607 $aH?ad?ramawt (Yemen : Province)$xPolitics and government 608 $aElectronic books. 676 $a953.35 700 $aFreitag$b Ulrike$0254610 801 0$bMiAaPQ 801 1$bMiAaPQ 801 2$bMiAaPQ 906 $aBOOK 912 $a9910450557703321 996 $aIndian Ocean migrants and state formation in Hadhramaut$91927284 997 $aUNINA